000 01910nam a2200421 i 4500
005 20220317002013.0
007 ta
008 201105s2019 ck a br 000 jdspa d
020 _a9789580010968
040 _aCO-BoRNBP
_bspa
_erda
_cCO-BoRNBP
041 0 _aspa
084 _aC AGU12
100 1 _aAguileta Estrada, Gabriela
_d1974-
_eautora
245 1 0 _aSiete habitaciones a oscuras
_cGabriela Aguileta Estrada ... [y otros seis] ; ilustrador Juan Carlos Gázquez
250 _aSegunda edición
264 1 _aBogotá
_bEducactiva
_bNorma
_c2019
300 _a141 páginas
_bilustraciones
_c20 cm
336 _2rdacontent
_atexto
_btxt
337 _2rdamedia
_asin mediación
_bn
338 _2rdacarrier
_avolumen
_bnc
490 0 _aTorre amarilla
_pMisterio
505 0 0 _tAbaddon Tenebrae /
_rAntonio Malpica
_tFábula del pez y el desierto /
_rGabriela Aguileta
_tUn silencioso encierro /
_rJavier Malpica
_tY tú, ¿qué esperas para morirte? /
_rM. B. Brozon
_tEl ajo o el limbo /
_rJuan Pablo Gázquez
_tLas posibilidades del azul /
_rAna Romero
_tMuchas moscas muchas /
_rJuan Carlos Quezadas
521 _aRecomendado para un público infantil mayor de 9 años
545 _aIncluye datos biográficos de los autores al final del texto
650 1 7 _2LEMB
_aCuentos infantiles mexicanos
_ySiglo XX
650 1 7 _2LEMB
_aLiteratura infantil mexicana
_ySiglo XX
650 1 7 _2LEMB
_aAutores mexicanos
_ySiglo XX
650 1 7 _2LEMB
_aEmociones
_vNovela
650 1 7 _2LEMB
_aJuegos con computador
_vNovela
650 1 7 _2LEMB
_aFamilia
_vNovela
700 1 _aMalpica, Antonio
_d1967-
_eautor
_9157011
700 1 _aMalpica, Javier
_d1965-
_eautor
_9157012
700 1 _aBrozon, Mónica Beltrán
_d1970-
_eautora
_9157013
700 1 _aGázquez, Juan Pablo
_d1974-
_eautor
_9157014
700 1 _aRomero, Ana
_d1966-
_eautora
_9157015
700 1 _aQuezadas, Juan Carlos
_d1970-
_eautor
_9157016
942 _2loc
_cBKLIT
999 _c8859
_d8859